All Billie Eilish Songs - Statistics

General Stats
  • This quiz has been taken 10 times
  • The average score is 51 of 63
Answer Stats
Answer % Correct
!!!!!!!
100%
Six Feet Under
100%
all the good girls go to hell
89%
bad guy
89%
bellyache
89%
bitches broken hearts
89%
BITTERSUITE
89%
BLUE
89%
Bored
89%
bury a friend
89%
come out and play
89%
COPYCAT
89%
everything i wanted
89%
goodbye
89%
Happier Than Ever
89%
hotline
89%
ilomilo
89%
i love you
89%
L'AMOUR DE MA VIE
89%
listen before i go
89%
Lo Vas A Olvidar (& Rosalia)
89%
lovely (& Khalid)
89%
LUNCH
89%
NDA
89%
No Time To Die
89%
SKINNY
89%
THE DINER
89%
THE GREATEST
89%
What Was I Made For?
89%
WHEN I WAS OLDER
89%
wish you were gay
89%
xanny
89%
8
78%
Billie Bossa Nova
78%
BIRDS OF A FEATHER
78%
&burn (& Vince Staples)
78%
CHIHIRO
78%
Guess (with Charli xcx)
78%
Halley's Comet
78%
hostage
78%
idontwannabeyouanymore
78%
Lost Cause
78%
Male Fantasy
78%
my boy
78%
my strange addiction
78%
party favor
78%
Therefore I Am
78%
TV
78%
watch
78%
when the party's over
78%
WILDFLOWER
78%
you should see me in a crown
78%
Everybody Dies
67%
Getting Older
67%
I Didn't Change My Number
67%
my future
67%
Not My Responsibility
67%
Ocean Eyes
67%
OverHeated
67%
Oxytocin
67%
The 30th
67%
Your Power
67%
GOLDWING
56%
No matching quizzes found
Score Distribution
Percent of People with Each Score
Percentile by Number Answered
Your Score History
You have not taken this quiz